000 00677cab a2200241 4500
001 ABS53851
008 090401t1995 xxu||||| |||| 00| 0 eng d
035 _a(Sirsi) u6908
041 _aeng
100 _aHeller, L.
245 _aStandard conditions
260 _c1995
350 _a0
490 _aGuardian Gazette
_v92(35) 4 October 1995, 28-29(2)
520 _aDiscusses how the Standard Conditions of Sale can be applied to commercial property.
650 _aPROPERTY-COMMERCIAL PROPERTY
650 _aCONVEYANCING
650 _aSTANDARD CONDITIONS OF SALE
690 _aPROPERTY LAW AND PRACTICE
700 _aWhite, G.
942 _n0
948 _c04/03/1997
999 _c4109
_d4109